| 000 -LEADER |
| fixed length control field |
00935nam a2200205Ia 4500 |
| 003 - CONTROL NUMBER IDENTIFIER |
| control field |
OSt |
| 005 - DATE AND TIME OF LATEST TRANSACTION |
| control field |
20241104143314.0 |
| 007 - PHYSICAL DESCRIPTION FIXED FIELD--GENERAL INFORMATION |
| fixed length control field |
ca aa aaaaa |
| 008 - FIXED-LENGTH DATA ELEMENTS--GENERAL INFORMATION |
| fixed length control field |
201103s9999 xx 000 0 und d |
| 040 ## - CATALOGING SOURCE |
| Transcribing agency |
SSBUL |
| 041 ## - LANGUAGE CODE |
| Language code of text/sound track or separate title |
bur |
| 082 ## - DEWEY DECIMAL CLASSIFICATION NUMBER |
| Edition number |
23 |
| Classification number |
၂၉၄.၃၄၄၃၅ နိ |
| Item number |
၉၁၂၄ S-SAT |
| 100 0# - MAIN ENTRY--PERSONAL NAME |
| Personal name |
နိပုဏ၊ အရှင်။ (အေးငြိမ်းချမ်းသာဆရာတော်) |
| 9 (RLIN) |
55142 |
| 245 10 - TITLE STATEMENT |
| Title |
သန်လျင်တောရဝိပဿနာ / |
| Statement of responsibility, etc. |
အေးငြိမ်းချမ်းသာဆရာတော် ဟိတေသီနေလ(အရှင်နိပုဏ)။ |
| 260 ## - PUBLICATION, DISTRIBUTION, ETC. |
| Place of publication, distribution, etc. |
ရန်ကုန် ၊ |
| Name of publisher, distributor, etc. |
ထွန်းလှကျော်စာပေ၊ |
| Date of publication, distribution, etc. |
၁၉၉၄။ |
| 300 ## - PHYSICAL DESCRIPTION |
| Extent |
သ၊ ၃၄၆ စာမျက်နှာ ၊ |
| Dimensions |
၂၃ စင်တီ။ |
| 500 ## - GENERAL NOTE |
| General note |
S-SAT: Dr. Sai Aung Tun |
| 650 ## - SUBJECT ADDED ENTRY--TOPICAL TERM |
| Topical term or geographic name entry element |
ဝိပဿနာ |
| 942 ## - ADDED ENTRY ELEMENTS (KOHA) |
| Source of classification or shelving scheme |
|
| Koha item type |
Book (Short term) |